Statistiques concernant Les 10 meilleurs pays - Tableau des médailles - JO d'hiver 2018

Cliquez ici pour prendre le quiz!

Statistiques générales

  • Ce quiz a été pris 173 fois
  • Le résultat moyen est 8 sur 10

Statistiques - réponses

PaysOrArgentBronzeMédailles% Correct
France54615
99%
Etats-Unis98623
98%
Norvège14141139
94%
Suède76114
91%
Canada1181029
87%
Allemagne1410731
84%
Suisse56415
75%
Autriche53614
69%
Corée du Sud58417
61%
Pays-Bas86620
57%

Distribution des résultats

Percentile par nombre de réponses

% des personnes avec chaque résultat

Votre développement - résultats

Vous n’avez pas pris ce quiz